[Event "Czech Coal"]
[Site "Carlsbad CZE"]
[Date "2007.09.10"]
[Round "3"]
[White "Korchnoi, V."]
[Black "Akopian, Vl"]
[Result "1/2-1/2"]
[WhiteElo "2610"]
[BlackElo "2708"]
[PlyCount "141"]
[EventDate "2007.09.08"]
[SourceDate "1999.07.01"]

1. d4 Nf6 2. c4 e6 3. Nc3 Bb4 4. Qc2 O-O 5. a3 Bxc3+ 6. Qxc3 d6 7. Nf3 b6 8. g3
Bb7 9. Bg2 a5 10. b3 Nbd7 11. O-O Qe7 12. Rd1 Be4 13. Bb2 h6 14. Bh3 Rfe8 15.
Nd2 Bb7 16. f3 d5 17. Nf1 c5 18. cxd5 Nxd5 19. Qd2 cxd4 20. Qxd4 e5 21. Qf2 Nc5
22. e4 Nf6 23. Ne3 Nxb3 24. Rab1 a4 25. Nc4 Qc7 26. Nxb6 Ra6 27. Nd7 Bc8 28.
Nxf6+ Rxf6 29. Bf1 Bg4 30. Be2 Qc2 31. Qe3 Bh3 32. Ba1 Rd6 33. Kf2 Rxd1 34.
Rxd1 Nxa1 35. Rxa1 Rc8 36. Rd1 Be6 37. Rd2 Qb1 38. Rd1 Qb2 39. Rd2 Qb1 40. Rd1
Qb2 41. Rd2 Rc2 42. Rxc2 Qxc2 43. Qd3 Qb2 44. Kf1 Kh7 45. h4 Qc1+ 46. Kf2 Qb2
47. Kf1 Qb6 48. f4 Qc5 49. fxe5 Qxe5 50. h5 f6 51. Kg2 Qb2 52. Kf3 Kh8 53. Qd8+
Kh7 54. Qd3 Kh8 55. Qd8+ Bg8 56. Qd6 Qb1 57. g4 Qb3+ 58. Kf2 Qb2 59. Kf3 Qc3+
60. Kf2 Qb2 61. Kf3 Qc3+ 62. Kf2 Kh7 63. e5 fxe5 64. Qd3+ Qxd3 65. Bxd3+ g6 66.
hxg6+ Kg7 67. Kg3 Bd5 68. Bb5 Kxg6 69. Bxa4 Kg5 70. Bd1 Bc6 71. a4 1/2-1/2

[Event "Aeroflot Open"]
[Site "Moscow RUS"]
[Date "2007.02.22"]
[Round "9"]
[White "Bocharov, D."]
[Black "Lysyj, I."]
[Result "1-0"]
[WhiteElo "2602"]
[BlackElo "2576"]
[PlyCount "71"]
[EventDate "2007.02.14"]
[SourceDate "1999.07.01"]

1. d4 Nf6 2. c4 e6 3. Nc3 Bb4 4. Qc2 O-O 5. a3 Bxc3+ 6. Qxc3 d6 7. Nf3 b6 8. e3
Bb7 9. Be2 Ne4 10. Qc2 Nd7 11. O-O f5 12. b4 Rf6 13. d5 Rg6 14. Nd4 Qg5 15. g3
Ne5 16. Nxe6 Rxe6 17. dxe6 Qg6 18. Rd1 Ng5 19. Rd5 Ngf3+ 20. Bxf3 Nxf3+ 21. Kf1
Nxh2+ 22. Ke2 Qg4+ 23. Kd2 Nf3+ 24. Kc3 b5 25. Rxb5 Be4 26. Qe2 Qg6 27. Bb2
Qxe6 28. Kb3 a5 29. Rxa5 Rxa5 30. bxa5 d5 31. Ka2 dxc4 32. Bc3 Qd5 33. Rd1 Bd3
34. Qb2 Kf7 35. a6 Ng5 36. Qb7 1-0

[Event "Bundesliga 2006-7"]
[Site "Muelheim Nord GER"]
[Date "2007.02.25"]
[Round "11"]
[White "Lazarev, V."]
[Black "Schebler, G."]
[Result "1/2-1/2"]
[WhiteElo "2517"]
[BlackElo "2534"]
[PlyCount "39"]
[EventDate "2007.01.28"]
[SourceDate "1999.07.01"]

1. d4 Nf6 2. c4 e6 3. Nc3 Bb4 4. Qc2 d5 5. a3 Bxc3+ 6. Qxc3 Ne4 7. Qc2 c5 8.
dxc5 Nc6 9. e3 Qa5+ 10. Bd2 Nxd2 11. Qxd2 dxc4 12. Bxc4 Qxc5 13. Rc1 Qg5 14. f4
Qh4+ 15. Qf2 Qxf2+ 16. Kxf2 Ke7 17. Nf3 Bd7 18. e4 Rac8 19. Ke3 Rc7 20. Bd3
1/2-1/2

[Event "Aeroflot Open"]
[Site "Moscow RUS"]
[Date "2007.02.17"]
[Round "4"]
[White "Kuzubov, Y."]
[Black "Khismatullin, D."]
[Result "1/2-1/2"]
[WhiteElo "2554"]
[BlackElo "2599"]
[PlyCount "43"]
[EventDate "2007.02.14"]
[SourceDate "1999.07.01"]

1. d4 Nf6 2. c4 e6 3. Nc3 Bb4 4. Qc2 c5 5. dxc5 O-O 6. Nf3 Na6 7. e3 Nxc5 8.
Bd2 b6 9. Be2 Bb7 10. a3 Bxc3 11. Bxc3 Rc8 12. O-O h6 13. Rac1 Qe7 14. b4 Nce4
15. Bd4 Rc7 16. Nd2 Rfc8 17. f3 Nxd2 18. Qxd2 e5 19. Bb2 d5 20. cxd5 Nxd5 21.
Rxc7 Rxc7 22. Rc1 1/2-1/2

[Event "Gibtelecom Masters"]
[Site "Catalan Bay ENG"]
[Date "2007.01.30"]
[Round "7"]
[White "Sokolov, Iv"]
[Black "Sulskis, S."]
[Result "1-0"]
[WhiteElo "2652"]
[BlackElo "2525"]
[PlyCount "81"]
[EventDate "2007.01.23"]
[SourceDate "1999.07.01"]

1. d4 Nf6 2. c4 e6 3. Nc3 Bb4 4. Qc2 c5 5. dxc5 O-O 6. a3 Bxc5 7. Nf3 b6 8. Bf4
Bb7 9. Rd1 d5 10. cxd5 Nxd5 11. Nxd5 Bxd5 12. e4 Qc8 13. Rc1 Bb7 14. b4 Be7 15.
Qd3 Nc6 16. Qe3 a5 17. b5 Bc5 18. Rxc5 bxc5 19. bxc6 Qxc6 20. Bd3 Rfd8 21. O-O
Rxd3 22. Qxd3 Ba6 23. Qd6 Qxd6 24. Bxd6 Bxf1 25. Kxf1 c4 26. Ke2 Ra6 27. Bc5
Rc6 28. Be3 f6 29. Kd2 c3+ 30. Kc2 Rc4 31. e5 Kf7 32. Bd4 Ra4 33. Kb3 c2 34.
Be3 Rg4 35. g3 Kg6 36. Kxc2 Kf5 37. Bf4 Rxf4 38. gxf4 Kxf4 39. exf6 gxf6 40.
Nd4 e5 41. Nb3 1-0

[Event "Gibtelecom Masters"]
[Site "Catalan Bay ENG"]
[Date "2007.01.30"]
[Round "7"]
[White "Gurevich, M."]
[Black "Kuzubov, Y."]
[Result "1/2-1/2"]
[WhiteElo "2635"]
[BlackElo "2554"]
[PlyCount "82"]
[EventDate "2007.01.23"]
[SourceDate "1999.07.01"]

1. d4 Nf6 2. c4 e6 3. Nc3 Bb4 4. Qc2 d5 5. cxd5 exd5 6. Bg5 c5 7. dxc5 h6 8.
Bh4 Nc6 9. e3 g5 10. Bg3 Ne4 11. Bd3 Nxg3 12. hxg3 d4 13. exd4 Qxd4 14. Nge2
Qxc5 15. a3 Bxc3+ 16. Qxc3 Qxc3+ 17. Nxc3 Be6 18. Bb5 Rc8 19. Rd1 a6 20. Be2
Kf8 21. Ne4 Kg7 22. Nc5 Rhe8 23. O-O Bb3 24. Bg4 Bxd1 25. Bxc8 Rxc8 26. Rxd1
Rc7 27. f3 g4 28. Rd7 Rxd7 29. Nxd7 Na5 30. Nc5 Nc4 31. b3 Nxa3 32. Nxb7 gxf3
33. gxf3 Nc2 34. Nc5 Nb4 35. Kf2 Kf6 36. f4 Kf5 37. Kf3 h5 38. Nb7 Nc2 39. Nc5
Nb4 40. Nb7 Nc2 41. Nc5 Nb4 1/2-1/2

[Event "Open"]
[Site "Moscow RUS"]
[Date "2007.01.30"]
[Round "4"]
[White "Kharitonov, Alexandr"]
[Black "Yakovich, Yur"]
[Result "1/2-1/2"]
[WhiteElo "2503"]
[BlackElo "2577"]
[PlyCount "43"]
[EventDate "2007.01.27"]
[SourceDate "1999.07.01"]

1. d4 Nf6 2. c4 e6 3. Nc3 Bb4 4. Qc2 O-O 5. a3 Bxc3+ 6. Qxc3 b6 7. Bg5 h6 8.
Bh4 Ba6 9. e3 d6 10. Nf3 Nbd7 11. Nd2 c5 12. dxc5 bxc5 13. Bd3 Bb7 14. Bf1 Ba6
15. b4 Rc8 16. b5 Bb7 17. Bd3 Ba6 18. Be2 Bb7 19. Rf1 Ba6 20. Rh1 Bb7 21. Bf1
Ra8 22. f3 1/2-1/2

[Event "Corus B"]
[Site "Wijk aan Zee NED"]
[Date "2007.01.23"]
[Round "9"]
[White "Atalik, S."]
[Black "Sargissian, G."]
[Result "1/2-1/2"]
[WhiteElo "2586"]
[BlackElo "2658"]
[PlyCount "161"]
[EventDate "2007.01.13"]
[SourceDate "1999.07.01"]

1. d4 Nf6 2. c4 e6 3. Nc3 Bb4 4. Qc2 d5 5. cxd5 exd5 6. Bg5 c5 7. a3 Bxc3+ 8.
Qxc3 c4 9. Nf3 Nbd7 10. Nd2 h6 11. Bf4 Qe7 12. e3 O-O 13. Be2 Nb6 14. Qb4 Qe6
15. a4 a5 16. Qd6 Bd7 17. Qxe6 fxe6 18. Bd1 Ne4 19. f3 g5 20. Bc7 Nxd2 21. Bxb6
Nb3 22. Bxb3 cxb3 23. Kd2 Ra6 24. Bc7 g4 25. f4 Rc8 26. Rhc1 Kf7 27. Ra3 Ra7
28. Rxb3 b5 29. Rbc3 bxa4 30. Bd6 Rxc3 31. Rxc3 Rb7 32. Kc2 Kg6 33. Rc7 a3 34.
bxa3 Ba4+ 35. Kc1 Rb3 36. Rc5 Rxe3 37. Rxa5 Bb3 38. Rb5 Bc4 39. Rb2 Kf5 40. g3
Ke4 41. Bc5 h5 42. Rc2 Bb3 43. Rd2 Ba4 44. Kb2 Rf3 45. Ka2 Bb3+ 46. Kb2 Ba4 47.
Ka2 Rf1 48. Rb2 Rh1 49. Rd2 Ke3 50. Rb2 Kd3 51. Be7 Bc2 52. Rb6 Rxh2 53. Rxe6
Kxd4 54. Bf6+ Kd3 55. a4 Bxa4+ 56. Ka3 Bd1 57. f5 Rf2 58. Re5 Kc4 59. Re3 Rxf5
60. Rc3+ Kb5 61. Bd4 Rf3 62. Kb2 Rf1 63. Rc5+ Kb4 64. Rxd5 Kc4 65. Rd8 Rh1 66.
Be3 Bf3 67. Rd4+ Kb5 68. Kc3 Rh3 69. Bf2 Kc6 70. Rd2 Bh1 71. Kd4 Kd6 72. Be1
Ke6 73. Ke3 Ke5 74. Rd8 Bc6 75. Rf8 h4 76. Rh8 Rh1 77. Bc3+ Kf5 78. Rh5+ Kg6
79. Rxh4 Rxh4 80. gxh4 g3 81. Kf4 1/2-1/2

[Event "ch-GER"]
[Site "Koenigshofen GER"]
[Date "2007.01.22"]
[Round "4"]
[White "Gustafsson, J."]
[Black "Graf, A."]
[Result "1/2-1/2"]
[WhiteElo "2584"]
[BlackElo "2610"]
[PlyCount "101"]
[EventDate "2007.01.19"]
[SourceDate "1999.07.01"]

1. d4 Nf6 2. c4 e6 3. Nc3 Bb4 4. Qc2 c5 5. dxc5 O-O 6. a3 Bxc5 7. Nf3 b6 8. Bf4
Bb7 9. Rd1 Nc6 10. e3 Rc8 11. Be2 Be7 12. Nb5 d5 13. Qb1 a6 14. Nc3 Na5 15.
cxd5 exd5 16. Be5 Ng4 17. Bd4 Nb3 18. Ng5 Bxg5 19. Bxg4 Rc6 20. O-O Nxd4 21.
Rxd4 Bf6 22. Rxd5 Qa8 23. Ne4 Bxb2 24. Qxb2 Rg6 25. Rd4 Bxe4 26. f3 Bd5 27. e4
Be6 28. Bxe6 Rxe6 29. Rfd1 b5 30. Rd5 Rc6 31. Qd4 h6 32. Rd8 Rc8 33. Rd7 Rc4
34. Qb6 Rc6 35. Qd4 Rc4 36. Qb6 Qc8 37. h3 Rc1 38. Kh2 Rxd1 39. Rxd1 Qb8+ 40.
Rd6 a5 41. e5 Qxb6 42. Rxb6 b4 43. axb4 axb4 44. g4 Re8 45. f4 g5 46. Kg3 Rc8
47. Rxb4 Rc3+ 48. Kg2 Re3 49. fxg5 hxg5 50. Rb5 Kf8 51. Ra5 1/2-1/2

[Event "ch-BLR"]
[Site "Minsk BLR"]
[Date "2007.01.10"]
[Round "1"]
[White "Maiorov, N."]
[Black "Zhigalko, S."]
[Result "1/2-1/2"]
[WhiteElo "2516"]
[BlackElo "2539"]
[PlyCount "50"]
[EventDate "2007.01.10"]
[SourceDate "1999.07.01"]

1. d4 Nf6 2. c4 e6 3. Nc3 Bb4 4. Qc2 d5 5. a3 Bxc3+ 6. Qxc3 Ne4 7. Qc2 c5 8.
dxc5 Nc6 9. e3 Qa5+ 10. Bd2 Qxc5 11. Rc1 Nxd2 12. Qxd2 d4 13. b4 dxe3 14. fxe3
Qe7 15. Nf3 O-O 16. Be2 e5 17. O-O Bg4 18. Qb2 Rad8 19. Rcd1 h6 20. h3 Bh5 21.
Kh1 a5 22. c5 e4 23. Nd4 Bxe2 24. Nxc6 bxc6 25. Qxe2 axb4 1/2-1/2

[Event "24th ECC"]
[Site "Kallithea GRE"]
[Date "2008.10.21"]
[Round "5"]
[White "Cheparinov, I."]
[Black "Yemelin, V."]
[Result "1/2-1/2"]
[WhiteElo "2696"]
[BlackElo "2573"]
[PlyCount "120"]
[EventDate "2008.10.17"]
[SourceDate "1999.07.01"]

1. d4 Nf6 2. c4 e6 3. Nc3 Bb4 4. Qc2 O-O 5. a3 Bxc3+ 6. Qxc3 d6 7. Bg5 Re8 8.
Nf3 Qe7 9. Nd2 h6 10. Bh4 e5 11. f3 exd4 12. Qxd4 Nc6 13. Qd3 Ne5 14. Qc2 Ng6
15. Bf2 c6 16. e3 d5 17. cxd5 cxd5 18. Nb3 Qe5 19. Qd2 Nh4 20. Qd4 Qxd4 21.
Nxd4 Nf5 22. Kd2 Nxd4 23. exd4 Bf5 24. Bb5 Re6 25. Be2 Rb6 26. b4 Rc8 27. Rhc1
Rcc6 28. Rxc6 Rxc6 29. Bd1 Nd7 30. g4 Be6 31. b5 Rc8 32. Rc1 Rxc1 33. Kxc1 Nb6
34. a4 a6 35. bxa6 bxa6 36. Be1 Bd7 37. a5 Nc4 38. f4 g6 39. Bf3 Bc6 40. Kc2
Nd6 41. Bb4 Ne4 42. Be2 Bb7 43. f5 g5 44. Kb3 f6 45. Be1 Kf7 46. h4 Ke8 47. h5
Kd7 48. Bb4 Ke8 49. Ba3 Nd2+ 50. Kb4 Ne4 51. Bc1 Kd7 52. Be3 Kc6 53. Bg1 Kd6
54. Be3 Kc6 55. Bc1 Kd6 56. Bb2 Kc6 57. Ba3 Kd7 58. Kb3 Ke8 59. Bb4 Kf7 60. Kc2
Ke8 1/2-1/2

[Event "24th ECC"]
[Site "Kallithea GRE"]
[Date "2008.10.23"]
[Round "7"]
[White "Kveinys, A."]
[Black "Parker, J."]
[Result "1-0"]
[WhiteElo "2533"]
[BlackElo "2538"]
[PlyCount "129"]
[EventDate "2008.10.17"]
[SourceDate "1999.07.01"]

1. d4 Nf6 2. c4 e6 3. Nc3 Bb4 4. Qc2 O-O 5. a3 Bxc3+ 6. Qxc3 b6 7. Bg5 Bb7 8.
e3 d6 9. Ne2 Nbd7 10. Qc2 c5 11. Rd1 cxd4 12. Rxd4 Qe7 13. Nc3 Rfd8 14. f3 h6
15. Bh4 d5 16. Be2 e5 17. Rd2 dxc4 18. Bxc4 Rac8 19. Be2 g5 20. Bg3 e4 21. f4
Nc5 22. Rxd8+ Rxd8 23. O-O Nd5 24. Nxd5 Bxd5 25. fxg5 hxg5 26. Qc3 Nd3 27. b4
Be6 28. Be5 Nxe5 29. Qxe5 Rd5 30. Qxe4 Qd6 31. Bc4 Re5 32. Qd4 Qxd4 33. exd4
Re4 34. Bxe6 fxe6 35. Rd1 Re3 36. d5 Kf7 37. Rf1+ Ke7 38. dxe6 Kxe6 39. Rf3 Re2
40. h3 Ra2 41. Kh2 a5 42. bxa5 bxa5 43. Kg3 a4 44. Rc3 Ke5 45. Rc5+ Kf6 46. Ra5
Rxa3+ 47. Kg4 Ra2 48. g3 Rd2 49. Rf5+ Ke6 50. Rxg5 Rd3 51. Rg6+ Kd5 52. h4 a3
53. Ra6 Kc4 54. h5 Kb5 55. Ra8 Rd4+ 56. Kg5 Rd5+ 57. Kh4 Rd4+ 58. g4 Ra4 59.
Rb8+ Kc6 60. Rb1 a2 61. Ra1 Kd7 62. h6 Ra8 63. Kg5 Ke6 64. h7 Kf7 65. Rxa2 1-0

[Event "13th ECC w"]
[Site "Kallithea GRE"]
[Date "2008.10.20"]
[Round "4"]
[White "Zhao Xue"]
[Black "Dzagnidze, N."]
[Result "0-1"]
[WhiteElo "2518"]
[BlackElo "2503"]
[PlyCount "92"]
[EventDate "2008.10.17"]
[SourceDate "1999.07.01"]

1. d4 Nf6 2. c4 e6 3. Nc3 Bb4 4. Qc2 O-O 5. a3 Bxc3+ 6. Qxc3 d6 7. Bg5 Nbd7 8.
c5 dxc5 9. dxc5 c6 10. Qc2 h6 11. Bh4 a5 12. a4 b6 13. Rd1 Qe7 14. Bxf6 Nxf6
15. Nf3 Ba6 16. cxb6 Rfd8 17. Nd2 Nd5 18. e3 Nb4 19. Qc3 Nd5 20. Qb3 Bxf1 21.
Rxf1 Rdb8 22. e4 Rxb6 23. Qg3 Rxb2 24. Qe5 Nb4 25. Nc4 Nc2+ 26. Ke2 Nd4+ 27.
Ke3 Re2+ 28. Kd3 Rd8 29. Qxa5 Ra2 30. Ke3 c5 31. Rd2 Rxd2 32. Nxd2 Qd6 33. Rc1
Nc6 34. Qc3 Nb4 35. Ra1 Qa6 36. Kf4 g5+ 37. Kg4 Qd6 38. Nf3 f5+ 39. Kh5 Qe7 40.
exf5 Qf7+ 41. Kxh6 Qh7+ 42. Kxg5 Qxf5+ 43. Kh4 Rd7 44. g4 Qf4 45. Ng5 Nd3 46.
Kh3 Qxf2 0-1

[Event "24th ECC"]
[Site "Kallithea GRE"]
[Date "2008.10.19"]
[Round "3"]
[White "Gharamian, T."]
[Black "Riff, JN."]
[Result "1-0"]
[WhiteElo "2555"]
[BlackElo "2512"]
[PlyCount "97"]
[EventDate "2008.10.17"]
[SourceDate "1999.07.01"]

1. d4 Nf6 2. c4 e6 3. Nc3 Bb4 4. Qc2 Nc6 5. e3 d6 6. Nge2 O-O 7. a3 Bxc3+ 8.
Nxc3 e5 9. dxe5 Nxe5 10. Be2 a5 11. O-O Re8 12. b3 Bg4 13. f3 Bd7 14. Rd1 Qb8
15. Kh1 Qa7 16. Qd2 Bc6 17. Bb2 Ng6 18. e4 Qf2 19. Bf1 Qh4 20. Nd5 Bxd5 21.
cxd5 Re7 22. Rac1 Ne5 23. Kg1 Qh5 24. Rc2 Ne8 25. Be2 Qg6 26. Qf4 f6 27. Qg3
Qf7 28. f4 Nd7 29. Bg4 Nf8 30. Bf3 Ra6 31. Be2 Ra8 32. Bf3 Ra6 33. Bd4 c5 34.
dxc6 Rxc6 35. Rxc6 bxc6 36. e5 dxe5 37. fxe5 fxe5 38. Bxe5 Ng6 39. Bc3 Qxb3 40.
Bxa5 Qc2 41. Bb4 c5 42. Bd5+ Kh8 43. Bb3 Qf5 44. Rf1 Qc8 45. Qf2 Nf6 46. Qxc5
Rc7 47. Qe3 Qg4 48. h3 Qh4 49. Rxf6 1-0

[Event "1st WMSG Blitz Ind"]
[Site "Beijing CHN"]
[Date "2008.10.04"]
[Round "2"]
[White "Markos, J."]
[Black "Kryvoruchko, Y."]
[Result "1-0"]
[WhiteElo "2557"]
[BlackElo "2627"]
[PlyCount "117"]
[EventDate "2008.10.04"]
[SourceDate "1999.07.01"]

1. d4 Nf6 2. c4 e6 3. Nc3 Bb4 4. Qc2 O-O 5. e4 d5 6. e5 Ne4 7. a3 Bxc3+ 8. bxc3
c5 9. Bb2 Nc6 10. O-O-O f5 11. f3 Ng5 12. h4 Nf7 13. Kb1 cxd4 14. cxd4 Na5 15.
c5 b6 16. c6 Qc7 17. Rc1 Nd8 18. Nh3 Naxc6 19. Nf4 Qd7 20. Bb5 Bb7 21. h5 Rc8
22. Qa4 a6 23. Bd3 b5 24. Qb3 Qe7 25. Bc3 Qg5 26. Bd2 Qe7 27. Qb2 Nf7 28. g3
Ng5 29. Rcf1 a5 30. Ng6 hxg6 31. hxg6 Qe8 32. Bxg5 Qxg6 33. f4 b4 34. a4 b3 35.
Be2 Qe8 36. Rh2 Ne7 37. Rfh1 Ng6 38. Bh5 Ba6 39. Qa3 Bd3+ 40. Ka1 Kf7 41. Qxb3
Rb8 42. Qd1 Be2 43. Rxe2 Rb4 44. Ra2 Kg8 45. Bxg6 Qxg6 46. Rh5 Rxd4 47. Rhh2
Rxd1+ 48. Kb2 Rb8+ 49. Kc2 Rd4 50. Rb2 Rc8+ 51. Kb1 Rxa4 52. Rb7 Rb4+ 53. Rxb4
axb4 54. Rc2 Rc4 55. Rxc4 dxc4 56. Be7 b3 57. Kb2 Kf7 58. Ba3 Qg5 59. fxg5 1-0

[Event "1st WMSG Blitz Ind"]
[Site "Beijing CHN"]
[Date "2008.10.04"]
[Round "3"]
[White "Zhou Jianchao"]
[Black "Adianto, U."]
[Result "0-1"]
[WhiteElo "2612"]
[BlackElo "2554"]
[PlyCount "60"]
[EventDate "2008.10.04"]
[SourceDate "1999.07.01"]

1. d4 Nf6 2. c4 e6 3. Nc3 Bb4 4. Qc2 O-O 5. e4 d5 6. e5 Ne4 7. Bd3 c5 8. Nge2
Nc6 9. cxd5 exd5 10. O-O cxd4 11. Nxd5 Qxd5 12. Bxe4 Qxe5 13. Bxh7+ Kh8 14. Bf4
Qh5 15. Be4 Be6 16. Bxc6 bxc6 17. Nxd4 Bd5 18. Bg3 f5 19. Ne2 Be4 20. Qc4 Ba5
21. Nf4 Qh6 22. f3 Bb6+ 23. Kh1 Bd5 24. Nxd5 cxd5 25. Qxd5 Rad8 26. Qc4 Rd2 27.
b3 f4 28. Be1 Rd6 29. h3 Rg6 30. Bf2 Qg5 0-1

[Event "1st WMSG Blitz Ind"]
[Site "Beijing CHN"]
[Date "2008.10.04"]
[Round "9"]
[White "Nguyen Ngoc Truong Son"]
[Black "Ghaem Maghami, E."]
[Result "0-1"]
[WhiteElo "2567"]
[BlackElo "2599"]
[PlyCount "68"]
[EventDate "2008.10.04"]
[SourceDate "1999.07.01"]

1. d4 Nf6 2. c4 e6 3. Nc3 Bb4 4. Qc2 O-O 5. a3 Bxc3+ 6. Qxc3 b6 7. Bg5 Bb7 8.
f3 c5 9. e3 cxd4 10. Qxd4 Nc6 11. Qc3 Rc8 12. Rd1 Ne4 13. Qxg7+ Kxg7 14. Bxd8
Rfxd8 15. fxe4 Na5 16. Nf3 Nxc4 17. Bxc4 Rxc4 18. O-O Rxe4 19. h3 Rxe3 20. Nd4
Re5 21. Rc1 Rc5 22. b4 Rxc1 23. Rxc1 Rc8 24. Rxc8 Bxc8 25. Nb5 Ba6 26. Nc7 Bc4
27. Ne8+ Kf8 28. Nd6 Ba6 29. Kf2 Ke7 30. Ne4 d5 31. Ng5 f6 32. Nf3 e5 33. g4
Ke6 34. Ke3 d4+ 0-1

[Event "1st WMSG Blitz Ind"]
[Site "Beijing CHN"]
[Date "2008.10.04"]
[Round "11"]
[White "Zhou Jianchao"]
[Black "Ghaem Maghami, E."]
[Result "0-1"]
[WhiteElo "2612"]
[BlackElo "2599"]
[PlyCount "60"]
[EventDate "2008.10.04"]
[SourceDate "1999.07.01"]

1. d4 Nf6 2. c4 e6 3. Nc3 Bb4 4. Qc2 O-O 5. e4 d6 6. Bd3 Nc6 7. Nge2 e5 8. d5
Ne7 9. f3 c6 10. Be3 cxd5 11. cxd5 Bd7 12. O-O Rc8 13. Qb3 Qa5 14. Kh1 Bc5 15.
Bg5 b5 16. a3 Kh8 17. Nxb5 Rb8 18. Qd1 Bxb5 19. b4 Qa6 20. Bxb5 Rxb5 21. bxc5
Rxc5 22. Bxf6 gxf6 23. Qd2 Rg8 24. Ng3 Qc8 25. f4 Ng6 26. fxe5 fxe5 27. Rxf7
Nf4 28. Rf1 Rc2 29. Qb4 Rxg2 30. Qb7 Qh3 0-1

[Event "1st WMSG Blitz Ind KO"]
[Site "Beijing CHN"]
[Date "2008.10.05"]
[Round "2.3"]
[White "Drozdovskij, Y."]
[Black "Kravtsiv, M."]
[Result "1-0"]
[WhiteElo "2587"]
[BlackElo "2549"]
[PlyCount "71"]
[EventDate "2008.10.04"]
[SourceDate "1999.07.01"]

1. d4 Nf6 2. c4 e6 3. Nc3 Bb4 4. Qc2 O-O 5. a3 Bxc3+ 6. Qxc3 b6 7. Bg5 Bb7 8.
e3 d6 9. Qc2 Nbd7 10. Ne2 h6 11. Bh4 Qe7 12. Rd1 c5 13. Nc3 cxd4 14. Rxd4 Rfd8
15. Be2 Nc5 16. O-O e5 17. Rdd1 Qe6 18. f3 g5 19. Bg3 d5 20. cxd5 Nxd5 21. Nxd5
Bxd5 22. Qc3 f6 23. b4 Na4 24. Qc2 Kg7 25. Qxa4 Bb3 26. Rxd8 Bxa4 27. Rxa8 Qd7
28. Rc1 Bc6 29. Rb8 Qd2 30. Rxc6 Qxe2 31. h4 gxh4 32. Bxh4 Qxe3+ 33. Kh1 Kg6
34. Bxf6 Qe1+ 35. Kh2 Kf7 36. Rb7+ 1-0

[Event "1st WMSG Rapid Ind"]
[Site "Beijing CHN"]
[Date "2008.10.05"]
[Round "3"]
[White "Drozdovskij, Y."]
[Black "Paragua, M."]
[Result "1/2-1/2"]
[WhiteElo "2587"]
[BlackElo "2526"]
[PlyCount "45"]
[EventDate "2008.10.05"]
[SourceDate "1999.07.01"]

1. d4 Nf6 2. c4 e6 3. Nc3 Bb4 4. Qc2 O-O 5. a3 Bxc3+ 6. Qxc3 b6 7. Bg5 Bb7 8.
e3 d6 9. Qc2 Nbd7 10. Ne2 h6 11. Bh4 Qe7 12. Nc3 c5 13. dxc5 Nxc5 14. Be2 Rac8
15. O-O g5 16. Bg3 Nce4 17. Nxe4 Nxe4 18. Rac1 f5 19. f3 Nxg3 20. hxg3 d5 21.
Qb3 Rc5 22. Rc3 Qc7 23. cxd5 1/2-1/2

[Event "1st WMSG Rapid Ind"]
[Site "Beijing CHN"]
[Date "2008.10.06"]
[Round "4"]
[White "Zhou Jianchao"]
[Black "Aveskulov, V."]
[Result "1-0"]
[WhiteElo "2612"]
[BlackElo "2544"]
[PlyCount "101"]
[EventDate "2008.10.05"]
[SourceDate "1999.07.01"]

1. d4 Nf6 2. c4 e6 3. Nc3 Bb4 4. Qc2 d5 5. a3 Bxc3+ 6. Qxc3 Ne4 7. Qc2 c5 8.
dxc5 Nc6 9. cxd5 exd5 10. Nf3 Qf6 11. e3 Bg4 12. Be2 O-O 13. O-O Rfe8 14. Rb1
d4 15. Nxd4 Nxd4 16. exd4 Bxe2 17. Qxe2 Nc3 18. Qxe8+ Rxe8 19. bxc3 b6 20. cxb6
axb6 21. Be3 Qc6 22. Rfd1 Rd8 23. c4 Qxc4 24. Rxb6 Qa4 25. Rbb1 f5 26. d5 Qe4
27. d6 f4 28. Bc5 f3 29. gxf3 Qxf3 30. Bb4 h5 31. Rd4 Rf8 32. Rb2 h4 33. d7 h3
34. Kf1 Qg2+ 35. Ke1 Qg1+ 36. Kd2 Rxf2+ 37. Kd3 Qf1+ 38. Ke3 Rf3+ 39. Ke4 Rf4+
40. Ke5 Rf5+ 41. Ke6 Rf6+ 42. Ke7 Rf7+ 43. Kd6 Qa6+ 44. Kc5 Rf5+ 45. Rd5 Qa7+
46. Kc4 Rxd5 47. Kxd5 Qxd7+ 48. Bd6 Qf7+ 49. Kc6 Qf3+ 50. Kd7 Kh7 51. Rb4 1-0

[Event "1st WMSG Rapid Ind"]
[Site "Beijing CHN"]
[Date "2008.10.06"]
[Round "6"]
[White "Shabalov, A."]
[Black "Kraai, J."]
[Result "1-0"]
[WhiteElo "2585"]
[BlackElo "2502"]
[PlyCount "81"]
[EventDate "2008.10.05"]
[SourceDate "1999.07.01"]

1. d4 e6 2. c4 Nf6 3. Nc3 Bb4 4. Qc2 O-O 5. e4 c5 6. e5 cxd4 7. a3 Qa5 8. axb4
Qxa1 9. exf6 dxc3 10. fxg7 Re8 11. bxc3 a5 12. b5 a4 13. Bd3 a3 14. Nf3 f5 15.
Nd4 a2 16. O-O Qb1 17. Qxb1 axb1=Q 18. Bxb1 Kxg7 19. Bf4 b6 20. Bc7 Bb7 21.
Bxb6 d5 22. Nf3 dxc4 23. Ne5 Bd5 24. f3 Re7 25. Bd4 Kg8 26. g4 fxg4 27. fxg4
Nd7 28. Nc6 Rf7 29. Re1 Rc8 30. Nb4 Rb8 31. Nxd5 exd5 32. Bf5 Rxb5 33. Re8+ Nf8
34. Be6 Ra5 35. Kg2 Rb5 36. Kg3 Ra5 37. h4 Rb5 38. g5 Ra5 39. Rd8 Ra6 40. Bxd5
h6 41. Bc5 1-0

[Event "1st WMSG Blitz Pair KO"]
[Site "Beijing CHN"]
[Date "2008.10.09"]
[Round "1.1"]
[White "Sasikiran, K."]
[Black "Aveskulov, V."]
[Result "1-0"]
[WhiteElo "2694"]
[BlackElo "2544"]
[PlyCount "119"]
[EventDate "2008.10.08"]
[SourceDate "1999.07.01"]

1. d4 Nf6 2. c4 e6 3. Nc3 Bb4 4. Qc2 d5 5. a3 Bxc3+ 6. Qxc3 Ne4 7. Qc2 c5 8.
dxc5 Nc6 9. Nf3 Qa5+ 10. Bd2 Qxc5 11. e3 Nxd2 12. Nxd2 d4 13. b4 Qe7 14. c5
dxe3 15. fxe3 Qh4+ 16. g3 Qg5 17. Qc3 O-O 18. Bg2 Ne7 19. e4 Bd7 20. O-O a5 21.
Nf3 Qh5 22. Qe5 Qxe5 23. Nxe5 Bb5 24. Rfd1 axb4 25. axb4 f6 26. Nf3 Rxa1 27.
Rxa1 Rd8 28. Bf1 Bc6 29. Re1 Kf7 30. b5 Be8 31. Kf2 Ra8 32. Bd3 Ra4 33. Rb1 Nc8
34. Ke3 Ke7 35. Nd4 Ra3 36. c6 b6 37. Nc2 Ra4 38. Rb4 Ra2 39. e5 fxe5 40. Rh4
h6 41. Nb4 Ra4 42. Nd5+ exd5 43. Rxa4 Nd6 44. Ra7+ Ke6 45. Rb7 d4+ 46. Kd2 e4
47. Rxb6 exd3 48. c7 Bd7 49. Rb8 Bc8 50. b6 Kd7 51. Kxd3 Kc6 52. Kxd4 g6 53.
Ke5 g5 54. Kf6 g4 55. Kg6 Kd7 56. Kxh6 Kc6 57. Kg5 Bd7 58. Rd8 Nc8 59. h4 Kxb6
60. h5 1-0

[Event "1st WMSG Rapid Pair"]
[Site "Beijing CHN"]
[Date "2008.10.09"]
[Round "2"]
[White "Sasikiran, K."]
[Black "Socko, B."]
[Result "0-1"]
[WhiteElo "2694"]
[BlackElo "2631"]
[PlyCount "104"]
[EventDate "2008.10.09"]
[SourceDate "1999.07.01"]

1. d4 Nf6 2. c4 e6 3. Nc3 Bb4 4. Qc2 O-O 5. a3 Bxc3+ 6. Qxc3 d6 7. Nf3 b6 8.
Bg5 Nbd7 9. Nd2 Bb7 10. f3 c5 11. dxc5 dxc5 12. e3 h6 13. Bh4 e5 14. Qc2 e4 15.
O-O-O Qc7 16. Bg3 Ne5 17. Be2 Rfe8 18. Qc3 Qe7 19. Bxe5 Qxe5 20. Qxe5 Rxe5 21.
f4 Re7 22. Nb1 Kf8 23. g4 Ke8 24. h4 Rd7 25. g5 Ng8 26. Rxd7 Kxd7 27. Nc3 Ke7
28. Bg4 g6 29. f5 gxf5 30. Bxf5 Kf8 31. Rf1 hxg5 32. hxg5 Re8 33. g6 Nf6 34.
Nb5 Rd8 35. Be6 Ke7 36. Bxf7 Rd3 37. Nc3 Rxe3 38. Bd5 Bxd5 39. cxd5 Rf3 40.
Rxf3 exf3 41. Kd2 Ng4 42. Ne4 Ne5 43. d6+ Kf8 44. Ke3 Kg7 45. Kf4 Nxg6+ 46.
Kxf3 Kf7 47. Ng5+ Kf6 48. Ke4 Nf8 49. Kd5 Kxg5 50. Kc6 Kf6 51. Kb7 Ke6 52. Kxa7
Nd7 0-1

[Event "1st WMSG Rapid Pair"]
[Site "Beijing CHN"]
[Date "2008.10.09"]
[Round "3"]
[White "Markos, J."]
[Black "Gyimesi, Z."]
[Result "1/2-1/2"]
[WhiteElo "2557"]
[BlackElo "2592"]
[PlyCount "79"]
[EventDate "2008.10.09"]
[SourceDate "1999.07.01"]

1. d4 Nf6 2. c4 e6 3. Nc3 Bb4 4. Qc2 d5 5. cxd5 exd5 6. Bg5 h6 7. Bxf6 Qxf6 8.
a3 Bxc3+ 9. Qxc3 O-O 10. e3 Bf5 11. Nf3 Nd7 12. Be2 c5 13. dxc5 Qxc3+ 14. bxc3
Nxc5 15. Nd4 Be6 16. f3 Rac8 17. Kd2 Na4 18. Rab1 b6 19. Rhc1 Rc7 20. Nb5 Re7
21. Rb4 Nc5 22. Nd4 Bd7 23. Re1 Rfe8 24. Bd1 Rc8 25. Bc2 Kf8 26. g4 Nb7 27. h4
Na5 28. Bd3 Nc6 29. Rbb1 Ne5 30. g5 hxg5 31. hxg5 g6 32. Re2 Kg7 33. Rh1 Rh8
34. Rxh8 Kxh8 35. f4 Nxd3 36. Kxd3 Bc8 37. Kd2 Kg7 38. Re1 Re8 39. Rh1 Bd7 40.
Kd3 1/2-1/2